000 00603nam a2200157 a 4500
008 130424s2013 ||||||||||||||||| || u
020 _a9780071317610
050 _aHA 29 Jag
100 _aJaggia, Sanjiv
245 1 0 _aBusiness Statistics: communicating with numbers
_cby Sanjiv Jaggia and Alison Kelly
260 _aNew York:
_bMcGraw-Hill Irwin
_c2013
300 _axxxi,714p.: ill.
650 _aBUSINESS STATISTICS
700 _aKelly, Alison
995 _FCBU-MAIN LIBRARY (Kitwe)
_M1
_UAVAILABLE
_WMay 31, 2013
_ZMain Library Open Access Collection
999 _c36529
_d36529